Internet and World Wide Web: How to Program (Record no. 11042)
[ view plain ]
| 000 -LEADER | |
|---|---|
| fixed length control field | 00474nam a22001817a 4500 |
| 003 - CONTROL NUMBER IDENTIFIER | |
| control field | OSt |
| 008 - FIXED-LENGTH DATA ELEMENTS--GENERAL INFORMATION | |
| fixed length control field | 201119b ||||| |||| 00| 0 eng d |
| 020 ## - INTERNATIONAL STANDARD BOOK NUMBER | |
| International Standard Book Number | 9789352868599 |
| 082 ## - DEWEY DECIMAL CLASSIFICATION NUMBER | |
| Classification number | 004.678 |
| Item number | DEI |
| 100 ## - MAIN ENTRY--PERSONAL NAME | |
| Personal name | DEITEL, Paul |
| 245 ## - TITLE STATEMENT | |
| Title | Internet and World Wide Web: How to Program |
| 250 ## - EDITION STATEMENT | |
| Edition statement | 7th Imp 5th Ed |
| 260 ## - PUBLICATION, DISTRIBUTION, ETC. (IMPRINT) | |
| Place of publication, distribution, etc | New Delhi |
| Name of publisher, distributor, etc | Pearson |
| Date of publication, distribution, etc | 2021 |
| 300 ## - PHYSICAL DESCRIPTION | |
| Extent | 962 |
| 650 ## - SUBJECT ADDED ENTRY--TOPICAL TERM | |
| Topical term or geographic name as entry element | Bachelor of Commerce |
| 700 ## - ADDED ENTRY--PERSONAL NAME | |
| Personal name | DEITEL, Harvey and DEITEL, Abbey |
| 942 ## - ADDED ENTRY ELEMENTS (KOHA) | |
| Source of classification or shelving scheme | Dewey Decimal Classification |
| Koha item type | Text Books |
| Withdrawn status | Lost status | Source of classification or shelving scheme | Damaged status | Not for loan | Collection code | Home library | Current library | Date acquired | Source of acquisition | Currency | Cost, normal purchase price | Bill Number | Total Checkouts | Full call number | Acc. no. / Barcode | Date last seen | Actual Cost, discounted price | Bill Date | Koha item type |
|---|---|---|---|---|---|---|---|---|---|---|---|---|---|---|---|---|---|---|---|
| Dewey Decimal Classification | B.Com | PIET NCR College Library | PIET NCR College Library | 23/12/2021 | Kirti Prakashan | IN Rupees | 989.00 | IN3161 | 004.678 DEI | N2053 | 28/12/2021 | 672.52 | 23/12/2021 | Reference Books | |||||
| Dewey Decimal Classification | B.Com | PIET NCR College Library | PIET NCR College Library | 23/12/2021 | Kirti Prakashan | IN Rupees | 989.00 | IN3161 | 004.678 DEI | N2054 | 28/12/2021 | 672.52 | 23/12/2021 | Text Books | |||||
| Dewey Decimal Classification | B.Com | PIET NCR College Library | PIET NCR College Library | 23/12/2021 | Kirti Prakashan | IN Rupees | 989.00 | IN3161 | 004.678 DEI | N2055 | 28/12/2021 | 672.52 | 23/12/2021 | Text Books |